| 000 | 00803nam a2200277 a 4500 | ||
|---|---|---|---|
| 001 | 3719225 | ||
| 003 | OSt | ||
| 005 | 20151026125630.0 | ||
| 008 | 810624s1981 maua b 001 0 eng | ||
| 010 | _a 80082840 | ||
| 020 | _a0395296455 | ||
| 040 |
_aDLC _cDLC _dDLC |
||
| 050 | 0 | 0 |
_aTA403 _b.F54 1981 |
| 082 | 0 | 0 |
_a620.1/1 _219 |
| 100 | 1 |
_aFlinn, Richard Aloysius, _d1916- |
|
| 245 | 1 | 0 |
_aEngineering materials and their applications / _cRichard A. Flinn, Paul K. Trojan. |
| 250 | _a2nd ed. | ||
| 260 |
_aBoston : _bHoughton Mifflin, _cc1981. |
||
| 300 |
_axv, 698 p. : _bill. ; _c24 cm. |
||
| 500 | _aIncludes index. | ||
| 504 | _aBibliography: p. 680-683. | ||
| 650 | 0 | _aMaterials. | |
| 700 | 1 | _aTrojan, Paul K. | |
| 906 |
_a7 _bcbc _corignew _d2 _eopcn _f19 _gy-gencatlg |
||
| 942 |
_2lcc _cBK |
||
| 999 |
_c250928 _d250928 |
||